000
00204nam a2200085Ia 4500
008
120527s9999 xx 000 0 und d
100
_a
FISCHER, M. et al
245
_a
Human resource management'
942
_c
BK
999
_c
27113
_d
27113